000 01097nam a22001457a 4500
020 _a978-1-4169-9465-7
082 _a823
_bKEE/N
100 _aKEENE, CAROLYN
245 _aNANCY DREW AND THE CLUE CREW - THE PUMPKIN PATCH PUZZLE
260 _aNEW YORK
_bALADDIN PAPERBACKS
_c2012
300 _a91
520 _aWhen the plans for the annual pumpkin decorating contest are smashed, Nancy Drew and the Clue Crew are on the hunt for a Fall Festival felon.It’s autumn in River Heights, and that means it’s time for the annual Fall Festival! Nancy, Bess, and George are excited for a whole week of games, rides, delicious treats, and the famous pumpkin-decorating contest. They are all participating for the first time this year! But the day the girls are set to compete, all the designs for the contest are stolen and the decorating supplies are destroyed. If the culprit doesn’t come forward, the contest will be canceled—and a River Heights tradition will be ruined. It’s up to Nancy and the Clue Crew to solve this pumpkin patch mystery!
650 _aMYSTERY
_zUNITED STATES
942 _cBK
999 _c7908
_d7908